00238 a2200097 4500082001300000100001400013245003600027260003500063300001900098650002300117 a891.4391 aWasi Shah aMujhay Sandal Kar DocWasi Shah aLahorebDua Publicationsc2010 a128 p.c22 cm. a1. Urdu Literature